| 000 | 00969cam a2200289 4500 | ||
|---|---|---|---|
| 001 | L126326 | ||
| 002 | 7709 | ||
| 008 | 040601n2004 000 0 eng u | ||
| 020 | _a1859418449 | ||
| 035 | _a(Sirsi) u126326 | ||
| 041 | _aeng | ||
| 050 |
_a347.09 _c22 |
||
| 050 |
_a347.4107 _c18 |
||
| 100 | _aStitt, Allan J. | ||
| 245 |
_aMediation _ba practical guide |
||
| 260 |
_aLondon _bCavendish _c2004 |
||
| 300 |
_axvi, 150p. _c24cm. |
||
| 350 | _a29.95 | ||
| 520 | _aProvides a complete understanding of how to effectively conduct a mediation. Explains what a mediation is, the rationale behind it and how it differs from litigation. Looks at every aspect of the mediation process, providing practical tips for lawyers and mediators. Includes case studies and a bibliography. | ||
| 521 | _aAdvanced | ||
| 650 | _aMEDIATION | ||
| 650 | _aDISPUTES | ||
| 650 | _aMEDIATORS | ||
| 650 | _aNEGOTIATION | ||
| 690 |
_aDISPUTE RESOLUTION _96236 |
||
| 942 | _n0 | ||
| 999 |
_c103605 _d103605 |
||